| 000 | 01019nam a2200313Ia 4500 | ||
|---|---|---|---|
| 001 | Para_7642 | ||
| 003 | CHAP | ||
| 008 | 220125s2002 xx 000 0 und d | ||
| 010 | _a206536 | ||
| 040 | _cCHAP | ||
| 090 | _aPA TESIS 1625 | ||
| 100 |
_aAvila Quezada, Graciela Dolores _982466 |
||
| 245 |
_aDistribución espacio - temporal de la roña, antracnosis y dañor por trips en aguacate / _c por Graciela Dolores Avila Quezada |
||
| 260 |
_aChapingo, Méx. : _b el autor |
||
| 300 | _a109 h. | ||
| 502 | _aTesis (Doctora en n Ciencias Esp. en Fitopatología) CP. Instituto de Fitosanidad | ||
| 650 |
_aAguacate _x enfermedades _92510 |
||
| 650 |
_aAguacate _x Michoacán _92535 |
||
| 650 |
_aAntracnosis del aguacate _96118 |
||
| 650 |
_aTrips _9164497 |
||
| 710 |
_aCP. Instituto de Fitosanidad _9164498 |
||
| 901 | _aPA TESIS 1625 | ||
| 902 | _aA | ||
| 905 | _a0000002002 a 0000000000 00 | ||
| 910 | _a2002 | ||
| 942 | _cPARA | ||
| 942 |
_cPARA _d1 |
||
| 999 |
_c206536 _d206536 |
||